| 000 | 00420nam a22001457a 4500 | ||
|---|---|---|---|
| 005 | 20230404054747.0 | ||
| 008 | 230404b |||||||| |||| 00| 0 eng d | ||
| 020 | _a978-1-4075-3087-1 | ||
| 082 | _a641.665 F198 2008 | ||
| 245 |
_aFamily favourite chicken: _bperfect recipes for the entire family / |
||
| 260 |
_aBath, Uk: _bParragon, _cc2008. |
||
| 300 |
_a47p.: _bcol. ill. |
||
| 541 | _e1996 | ||
| 650 | _aCooking (chicken) | ||
| 999 |
_c2113 _d2113 |
||